|
|
|
|
| LEADER |
01651nam a2200445 a 4500 |
| 001 |
nkc20122387084 |
| 003 |
CZ PrNK |
| 005 |
20171020235009.0 |
| 007 |
ta |
| 008 |
120716s2011 xr a e f 000 0 cze |
| 015 |
|
|
|a cnb002387084
|
| 020 |
|
|
|a 978-80-904738-5-0
|q (kroužková vazba)
|
| 035 |
|
|
|a (OCoLC)815377205
|
| 040 |
|
|
|a BOA001
|b cze
|d ABA001
|
| 072 |
|
7 |
|a 004.9
|x Speciální počítačové metody. Počítačová grafika
|2 Konspekt
|9 23
|
| 080 |
|
|
|a 004.42SolidCAM
|2 MRF
|
| 080 |
|
|
|a 658.5-027.44
|2 MRF
|
| 080 |
|
|
|a 621.95
|2 MRF
|
| 080 |
|
|
|a (035)
|2 MRF
|
| 100 |
1 |
|
|a Machálek, Martin,
|d 1976-
|7 mzk2012710492
|4 aut
|
| 245 |
1 |
0 |
|a SolidCAM automatické vrtání /
|c Martin Machálek a kolektiv SolidCAM CZ
|
| 246 |
3 |
0 |
|a Automatické vrtání
|
| 250 |
|
|
|a 1. vyd.
|
| 260 |
|
|
|a Brno :
|b SolidVision,
|c 2011
|
| 300 |
|
|
|a 117 s. :
|b il. ;
|c 21 cm
|
| 650 |
0 |
7 |
|a SolidCAM (software)
|7 ph716083
|2 czenas
|
| 650 |
0 |
7 |
|a CAM
|7 ph202635
|2 czenas
|
| 650 |
0 |
7 |
|a vrtání
|7 ph116635
|2 czenas
|
| 650 |
0 |
9 |
|a SolidCAM
|2 eczenas
|
| 650 |
0 |
9 |
|a computer-aided manufacturing
|2 eczenas
|
| 650 |
0 |
9 |
|a drilling
|2 eczenas
|
| 655 |
|
7 |
|a příručky
|7 fd133209
|2 czenas
|
| 655 |
|
9 |
|a handbooks and manuals
|2 eczenas
|
| 856 |
4 |
1 |
|u http://www.digitalniknihovna.cz/mzk/uuid/uuid:ce3277e0-a1c6-11e7-ae0a-005056827e52
|y Digitalizovaný dokument
|x NDK
|
| 910 |
2 |
|
|a BOA001
|b 2-1288.397
|
| 990 |
|
|
|a BK
|
| 995 |
|
|
|a 01
|
| 991 |
|
|
|b 201207
|c NOV
|e n
|
| 996 |
6 |
|
|b 2610515924
|c 2-1288.397
|l MZK
|r Sklad / do 1 hodiny
|n 0
|p p.v.
|w 001265370
|u 000010
|a 1
|e BOA001
|j MZK50
|s P
|
| 996 |
7 |
|
|b 2610515925
|c 2-1288.397
|l MZK
|r Sklad / do 1 hodiny
|n 1
|p p.v.
|w 001265370
|u 000020
|a 1
|e BOA001
|j MZK50
|s A
|